Państwa na każdą liczbę liter - Statystyki

Ogólne statystyki
  • Ten quiz został rozwiązany 152 razy
  • Średni wynik to 12 z 19
Statystyki odpowiedzi
Liczba liter panstwa Państwa Liczba państw o danej liczbie liter % Poprawnych
5 Benin, Chile, Chiny, Dania, Egipt, Fidżi, Gabon, Ghana, Haiti, Indie, Jemen, Katar, Kenia, Kongo, Liban, Libia, Litwa, Łotwa, Malta, Nauru, Nepal, Niger, Palau, Rosja, Samoa, Sudan, Syria, Tonga, Węgry 29
97%
6 Tajwan, Kosowo, Andora, Angola, Bahamy, Belgia, Belize, Bhutan, Brunei, Czechy, Gambia, Grecja, Gruzja, Gujana, Gwinea, Izrael, Kanada, Komory, Kuwejt, Malawi, Maroko, Meksyk, Mjanma, Monako, Niemcy, Panama, Polska, Rwanda, Serbia, Turcja, Tuvalu, Uganda, Włochy, Zambia 34
91%
4 Cypr, Czad, Irak, Iran, Kuba, Laos, Mali, Oman, Peru, Togo 10
89%
7 Albania, Armenia, Austria, Bahrajn, Boliwia, Burundi, Dżibuti, Ekwador, Erytrea, Estonia, Etiopia, Francja, Grenada, Jamajka, Japonia, Kamerun, Lesotho, Liberia, Malezja, Namibia, Nigeria, Rumunia, Senegal, Seszele, Somalia, Surinam, Szwecja, Tunezja, Ukraina, Urugwaj, Vanuatu, Watykan, Wietnam 33
86%
8 Algieria, Barbados, Białoruś, Botswana, Brazylia, Bułgaria, Dominika, Eswatini, Filipiny, Holandia, Honduras, Irlandia, Islandia, Jordania, Kambodża, Kiribati, Kolumbia, Malediwy, Mołdawia, Mongolia, Mozambik, Norwegia, Pakistan, Paragwaj, Salwador, Singapur, Słowacja, Słowenia, Sri Lanka, Tanzania, Zimbabwe 31
85%
10 Afganistan, Bangladesz, Czarnogóra, Dominikana, Kazachstan, Luksemburg, Madagaskar, Mauretania, Mikronezja, Portugalia, Saint Lucia, Szwajcaria, Uzbekistan 13
79%
9 Argentyna, Australia, Chorwacja, Finlandia, Gwatemala, Hiszpania, Indonezja, Kirgistan, Kostaryka, Mauritius, Nikaragua, San Marino, Tajlandia, Wenezuela 14
79%
15 Antigua i Barbuda, Arabia Saudyjska, Gwinea Równikowa, Korea Południowa, Papua-Nowa Gwinea, Sudan Południowy, Trynidad i Tobago 7
76%
26 Republika Południowej Afryki, Zjednoczone Emiraty Arabskie 2
72%
27 Demokratyczna Republika Konga, Republika Środkowoafrykańska, Republika Zielonego Przylądka 3
68%
16 Saint Kitts i Nevis, Stany Zjednoczone 2
66%
13 Korea Północna, Liechtenstein, Timor Wschodni, Wyspy Salomona 4
57%
14 Wielka Brytania, Wyspy Marshalla 2
56%
12 Gwinea Bissau, Nowa Zelandia, Turkmenistan 3
54%
11 Azerbejdżan, Burkina Faso, Sierra Leone, Tadżykistan 4
43%
22 Saint Vincent i Grenadyny, Wybrzeże Kości Słoniowej 2
43%
29 Wyspy Świętego Tomasza i Książęca 1
42%
18 Bośnia i Hercegowina 1
23%
17 Macedonia Północna 1
21%
Nie znaleziono quizów pasujących do podanych kryteriów
Rozkład punktacji
Procent ludzi z każdym wynikiem
Percentyl według liczby udzielonych odpowiedzi
Twoja historia wyników
Nie rozwiązałeś tego quizu